Morceaux de Mac Miller - Mort Subite - Statistiques

Statistiques générales
  • Ce quiz a été pris 207 fois
  • Le résultat moyen est 10 sur 16
Answers on the Grid
Answers color-coded by a green-red scale on the quiz's grid according to % correct below.
Self Care
Nikes on My Feet
Good News
Donald Trump
2009
Small Worlds
Come Back to Earth
Blue World
Objects in the Mirror
Cinderella
Loud
Best Day Ever
ROS
Diablo
Smile Back
The Question
Sleepy Blonde
Heavy Lightness
Paper Halo
Mood Ring
Grey Bubble
Echoes in My Room
Cheap Champagne
Lavender Motel
God in a Hoodie
Broken Tooth Smile
33rd Hour
No Reply From Saturn
Neon Curtains
Pillow Thoughts
Paint My Silence
Goldfish Dreams
 
Statistiques - réponses
Réponse % Correct
Self Care
80%
Good News
78%
2009
77%
Donald Trump
75%
Cinderella
74%
Come Back to Earth
73%
Small Worlds
71%
Best Day Ever
68%
Blue World
68%
Nikes on My Feet
68%
Objects in the Mirror
47%
ROS
46%
The Question
41%
Diablo
40%
Loud
32%
Smile Back
19%
Aucun quiz correspondant
Distribution des résultats
% des personnes avec chaque résultat
Percentile par nombre de réponses
Votre historique - résultats
Vous n’avez pas pris ce quiz